Economic valuation techniques for the environment : (Record no. 5238)

MARC details
000 -LEADER
fixed length control field 00726nam a22002172 4500
001 - CONTROL NUMBER
control field 0000001404
005 - DATE AND TIME OF LATEST TRANSACTION
control field 20151217151816.0
008 - FIXED-LENGTH DATA ELEMENTS--GENERAL INFORMATION
fixed length control field 070308s xx 000 0 eng d
020 ## - INTERNATIONAL STANDARD BOOK NUMBER
International Standard Book Number 0801833523 :
040 ## - CATALOGING SOURCE
Original cataloging agency KABU
Transcribing agency KABU
050 #0 - LIBRARY OF CONGRESS CALL NUMBER
Classification number HC79
Item number .E5E26
245 10 - TITLE STATEMENT
Title Economic valuation techniques for the environment :
Remainder of title a case study workbook /
Statement of responsibility, etc. ed. by J. A. Dixon and M. M. Hufschmidt.
260 ## - PUBLICATION, DISTRIBUTION, ETC. (IMPRINT)
Place of publication, distribution, etc. London :
Name of publisher, distributor, etc. John Hopkins University Press,
Date of publication, distribution, etc. 1986.
300 ## - PHYSICAL DESCRIPTION
Extent xx, 203 p.
650 #0 - SUBJECT ADDED ENTRY--TOPICAL TERM
Topical term or geographic name as entry element Environmental policy
General subdivision Cost effectiveness.
-- 0000150112
700 1# - ADDED ENTRY--PERSONAL NAME
Personal name Dixon, J. A.
-- 0000150113
700 1# - ADDED ENTRY--PERSONAL NAME
Personal name Hufschmidt, M. M.
-- 0000150114
908 ## - PUT COMMAND PARAMETER (RLIN)
Put command parameter 070308
950 ## - LOCAL HOLDINGS (RLIN)
-- 1
Holdings
Withdrawn status Lost status Source of classification or shelving scheme Not for loan Home library Current library Date acquired Total Checkouts Full call number Barcode Date last seen Price effective from Koha item type
    Library of Congress Classification   Kabarak, Main Campus Kabarak, Main Campus 17/12/2015   HC79 .E5E26 001244 02/08/2024 17/12/2015 General Collection
Designed with assistance from East African Informatics Ltd